| 000 | 00619nam a22002297a 4500 | ||
|---|---|---|---|
| 001 | 34552 | ||
| 003 | UA-OsUOA | ||
| 005 | 20210804092113.0 | ||
| 007 | ta | ||
| 008 | 20051013b un ||||| |||| 00| 0 ukr d | ||
| 040 |
_aUA-OsUOA _brus _cUA-OsUOA _dUA-OsUOA |
||
| 041 | _arus | ||
| 080 | _a94(100)1640(1789) | ||
| 090 |
_a94(100)1640(1789) _bН72 |
||
| 245 | _aНовая история 1640-1789 | ||
| 260 |
_bПолитическая литература _c1951 |
||
| 300 | _a471 с. | ||
| 505 | _gТ.1 | ||
| 650 | 7 |
_a9 Географія. Біографії. Історія _2UDC |
|
| 942 |
_cBK _2udc |
||
| 955 | _a2 | ||
| 999 |
_c320982 _d320982 |
||